000 00528nam a2200229Ia 4500
008 210210b2009 xxu||||| |||| 00| 0 eng d
020 _a9788174563272
041 _aeng
082 _aH891.109 KAUS
100 _aKAUSHIK (Rajesh)
245 _aSmarth dharm aur tulsi ka kavy
260 _aDilli
_bSanjay Prakashan
_c2009
300 _ax,357
650 _atulsi
650 _aSmarth
650 _akavy:alochana
650 _aka
650 _adharm
650 _aaur
690 _aHindi Criticism
906 _a065167
999 _c142455
_d142455